| 000 | 00817cam a22002055a 4500 | ||
|---|---|---|---|
| 001 | L158836 | ||
| 008 | 150805s2015 xxk f 000 0 eng d | ||
| 035 | _a(Sirsi) u158836 | ||
| 041 | 0 | _aeng | |
| 100 | 1 | _aCollins, Christine | |
| 245 | 0 | 0 |
_aConsumer Rights Act 2015 _bDisplay of letting agents |
| 260 | _c2015 | ||
| 490 | 0 |
_aLetting Update Journal _v23 (2) July 2015, 15-17(3) |
|
| 520 | _aSection 3 of the Consumer Rights Act 2015 Part 3 which received Royal Assent on 26 March 2015 obliges letting agents to publicise and display a list of their fees and charges. Came into force in England on 27 May 2015. As at August 2015 still not enforce in Wales | ||
| 590 | _aKA | ||
| 650 | 2 | 4 | _aCONSUMER RIGHTS ACT 2015 PART 3 |
| 651 | 4 | _aENGLAND AND WALES | |
| 690 |
_aProperty management _96262 |
||
| 942 | _n0 | ||
| 999 |
_c115533 _d115533 |
||